[Event "Medellin Easter op 11th"]
[Site "Medellin"]
[Date "2023.04.09"]
[Round "6"]
[White "Gomez Silva, Maximiliano"]
[Black "Vasquez, Jovanny"]
[Result "1-0"]
[WhiteElo "1264"]
[BlackElo "1283"]
[PlyCount "55"]
[EventDate "2023.04.05"]
[EventType "swiss"]
[EventRounds "7"]
[EventCountry "COL"]
[SourceTitle "CBM 213 Extra"]
[Source "ChessBase"]
[SourceDate "2023.05.31"]
[SourceVersion "1"]
[SourceVersionDate "2023.05.31"]
[SourceQuality "1"]

1. e4 e5 2. Nf3 d6 3. Bc4 h6 4. c3 Nf6 5. d3 c6 6. Nbd2 Be7 7. Nf1 d5 8. exd5 cxd5 9. Bb5+ Bd7 10. Bxd7+ Nbxd7 11. Ng3 Bd6 12. Nf5 Bf8 13. 0-0 g6 14. Ng3 Bg7 15. Re1 Qc7 16. Nxe5 Nxe5 17. d4 Nfd7 18. dxe5 Nxe5 19. f4 0-0-0 20. fxe5 Bxe5 21. Qg4+ Rd7 22. Be3 h5 23. Qf3 b6 24. Bd4 Re8 25. Bxe5 Rxe5 26. c4 Qc5+ 27. Kh1 Qb4 28. Rxe5 1-0

[Event "COL-ch Visually impaired"]
[Site "Cartagena"]
[Date "2019.12.03"]
[Round "1.11"]
[White "Care Garcia, Jose Joaquin"]
[Black "Vasquez, Jovanny"]
[Result "1-0"]
[WhiteElo "1695"]
[BlackElo "1285"]
[PlyCount "55"]
[EventDate "2019.12.03"]
[EventType "swiss"]
[EventRounds "6"]
[EventCountry "COL"]
[SourceTitle "EXT 2024"]
[Source "ChessBase"]
[SourceDate "2023.10.10"]
[SourceVersion "1"]
[SourceVersionDate "2023.10.10"]
[SourceQuality "1"]

1. e4 e5 2. Nf3 Nc6 3. d4 exd4 4. Nxd4 Nge7 5. Bg5 g6 6. Nxc6 bxc6 7. Qd4 Rg8 8. Nc3 Bg7 9. Qd2 Rb8 10. Rb1 Bb7 11. Bd3 d5 12. exd5 cxd5 13. 0-0 c6 14. Rfe1 f6 15. Bf4 Rc8 16. Re2 Kf7 17. Rbe1 Re8 18. Qe3 Ng8 19. Qxa7 Rxe2 20. Rxe2 Qd7 21. Ba6 Re8 22. Qxb7 Qxb7 23. Bxb7 Rxe2 24. Nxe2 Ne7 25. a4 f5 26. a5 Bxb2 27. a6 Bc1 28. Bxc1 1-0

[Event "Medellin op 2nd"]
[Site "Medellin"]
[Date "2019.05.11"]
[Round "6.10"]
[White "Vasquez, Jovanny"]
[Black "Castillo Castellanos, David"]
[Result "1-0"]
[WhiteElo "1301"]
[BlackElo "1604"]
[PlyCount "42"]
[EventDate "2019.05.08"]
[EventType "swiss"]
[EventRounds "6"]
[EventCountry "COL"]
[SourceTitle "EXT 2024"]
[Source "ChessBase"]
[SourceDate "2023.10.10"]
[SourceVersion "1"]
[SourceVersionDate "2023.10.10"]
[SourceQuality "1"]

1. e4 c5 2. Nf3 d6 3. Bc4 e6 4. Nc3 a6 5. 0-0 Nd7 6. d4 b5 7. Bd3 cxd4 8. Nxd4 Bb7 9. Re1 Be7 10. b3 Rc8 11. Bb2 Ne5 12. Rc1 Bg5 13. Rb1 Qb6 14. Nxe6 fxe6 15. Qh5+ Nf7 16. Qg4 Ne7 17. Nd5 Nxd5 18. exd5 Bxd5 19. Rxe6+ Bxe6 20. Qxe6+ Kd8 21. Re1 Re8 1-0